MARC details
| 000 -LEADER |
| campo de control de longitud fija |
01423nam a2200313 i 4500 |
| 001 - NÚMERO DE CONTROL |
| campo de control |
180978 |
| 003 - IDENTIFICADOR DE NÚMERO DE CONTROL |
| campo de control |
ES-MaACL |
| 005 - FECHA Y HORA DE LA ÚLTIMA TRANSACCIÓN |
| campo de control |
20251014063254.0 |
| 008 - DATOS DE LONGITUD FIJA--INFORMACIÓN GENERAL |
| campo de control de longitud fija |
120926s2011 sp aco |||| |dspa d |
| 080 ## - NÚMERO DE LA CLASIFICACIÓN DECIMAL UNIVERSAL |
| Número de la Clasificación Decimal Universal |
272(460)"1936/39" |
| 080 ## - NÚMERO DE LA CLASIFICACIÓN DECIMAL UNIVERSAL |
| Número de la Clasificación Decimal Universal |
929 Marticorena-Ruiz, José María |
| 080 ## - NÚMERO DE LA CLASIFICACIÓN DECIMAL UNIVERSAL |
| Número de la Clasificación Decimal Universal |
929 Marticorena-Ruiz, María Ángeles |
| 080 ## - NÚMERO DE LA CLASIFICACIÓN DECIMAL UNIVERSAL |
| Número de la Clasificación Decimal Universal |
94(460)"1936/39"(093.3) |
| 100 1# - ENTRADA PRINCIPAL--NOMBRE DE PERSONA |
| Nombre de persona |
Marticorena-Ruiz, José María, |
| Fechas asociadas al nombre |
1926- |
| 9 (RLIN) |
151440 |
| 245 10 - MENCIÓN DEL TÍTULO |
| Título |
Memoria histórica de dos niños de la guerra, María Ángeles y José María / |
| Mención de responsabilidad, etc. |
Josemaría Marticorena-Ruiz. |
| 260 ## - PUBLICACIÓN, DISTRIBUCIÓN, ETC. |
| Lugar de publicación, distribución, etc. |
[S.l.] : |
| Nombre del editor, distribuidor, etc. |
[J.M. Marticorena-Ruiz], |
| Fecha de publicación, distribución, etc. |
[2011] |
| 300 ## - DESCRIPCIÓN FÍSICA |
| Extensión |
215 p. : |
| Otras características físicas |
il., fot. ; |
| Dimensiones |
21 cm. |
| 504 ## - NOTA DE BIBLIOGRAFÍA, ETC. |
| Nota de bibliografía, etc. |
Bibliografía: p. 203-204. |
| 505 8# - NOTA DE CONTENIDO CON FORMATO |
| Nota de contenido con formato |
Contiene: De Navarra a morir en Valencia - La Guerra Civil española y más de 200 años de persecución religiosa |
| 600 17 - PUNTO DE ACCESO ADICIONAL DE MATERIA--NOMBRE DE PERSONA |
| Nombre de persona |
Marticorena-Ruiz, José María, |
| Fechas asociadas al nombre |
1926- |
| Fuente del encabezamiento o término |
|
| 9 (RLIN) |
151440 |
| 600 17 - PUNTO DE ACCESO ADICIONAL DE MATERIA--NOMBRE DE PERSONA |
| Nombre de persona |
Marticorena-Ruiz, María Ángeles, |
| Fechas asociadas al nombre |
1928- |
| Fuente del encabezamiento o término |
|
| 9 (RLIN) |
151441 |
| 650 #7 - PUNTO DE ACCESO ADICIONAL DE MATERIA--TÉRMINO DE MATERIA |
| Término de materia o nombre geográfico como elemento de entrada |
Persecuciones religiosas- |
| Subdivisión geográfica |
España. |
| 9 (RLIN) |
141976 |
| 651 #7 - PUNTO DE ACCESO ADICIONAL DE MATERIA--NOMBRE GEOGRÁFICO |
| Nombre geográfico |
España- |
| Subdivisión general |
Historia- |
| Subdivisión cronológica |
1936-1939, Guerra civil- |
| Subdivisión de forma |
Relatos personales. |
| 9 (RLIN) |
8326 |
| 852 ## - LOCALIZACIÓN |
| Ubicación |
ES-MaACL |
| Número de control de estantería |
A-12201 |
| itemnumber |
187859 |
| Sublocalización o colección |
R.147159 |
| Ubicación en estantería |
Depósito 1 |
| Signatura antigua |
Olim: N-5206 |
| Encuadernación |
Donación: del autor José María Marticorena-Ruiz |
| 903 ## - NOMBRE PERSONAL DE DONANTE |
| a |
Marticorena-Ruiz, José María, |
| d |
1926- |
| e |
Donante |
| 9 |
151440 |
| 942 ## - ELEMENTOS DE ENTRADA SECUNDARIOS (KOHA) |
| Fuente del sistema de clasificación o colocación |
Clasificación decimal universal |
| Tipo de ítem Koha |
Libro impreso |